Largest Lakes in Canada - Statistics

General Stats
  • This quiz has been taken 12 times
  • The average score is 7 of 10
Answer Stats
Hint Answer % Correct
ON/USA Lake Huron: 59,600 km2
100%
ON/USA Lake Ontario: 18,960 km2
100%
ON/USA Lake Superior: 82,100 km2
100%
NT Great Bear Lake: 31,328 km2
91%
NT Great Slave Lake: 28,568 km2
91%
MB Lake Winnipeg: 23,750 km2
91%
ON/USA Lake Erie: 25,700 km2
82%
SK/AB Lake Athabasca: 7,935 km2
45%
SK/MB Reindeer Lake: 6,650 km2
18%
NU Nettilling Lake: 5,542 km2
9%
No matching quizzes found
Score Distribution
Percent of People with Each Score
Percentile by Number Answered
Your Score History
You have not taken this quiz